000 00362nam a2200133Ia 4500
008 220214s9999 xx 000 0 und d
245 0 _aLok Udyog
260 _bBureau of Public Enterprises
_aNew Delhi
310 _aM
500 _aEnding Volume & Year: 19, 1985
500 _aMissing Volume: 8;16-17
500 _aStarting Volume & Year: 6, 1973
942 _cBJ
999 _c13091
_d13091